| 000 | 01644cam a22004452c 4500 | ||
|---|---|---|---|
| 001 | 1743784058 | ||
| 003 | DE-627 | ||
| 005 | 20251016152549.0 | ||
| 007 | tu | ||
| 008 | 210104r20192017xxu||||| 00| ||eng c | ||
| 020 |
_a9780190069513 _9978-0-19-006951-3 |
||
| 020 |
_a9780190253301 _9978-0-19-025330-1 |
||
| 035 | _a(DE-627)1743784058 | ||
| 035 | _a(DE-599)KXP1743784058 | ||
| 035 | _a(OCoLC)1425471582 | ||
| 040 |
_aDE-627 _bger _cDE-627 |
||
| 041 | _aeng | ||
| 044 | _cXD-US | ||
| 100 | 1 |
_81\p _aToal, Gerard _d1962- _eVerfasserIn _0(DE-588)121612457 _0(DE-627)081421923 _0(DE-576)176325433 _4aut _967336 |
|
| 245 | 1 | 0 |
_aNear abroad _bPutin, the West, and the contest over Ukraine and the Caucasus _cGerard Toal |
| 263 | _a201907 | ||
| 264 | 1 |
_aNew York _bOxford University Press _c2019 |
|
| 300 |
_axx, 387 pages _billustrations (black and white), map (black and white) _c24 cm |
||
| 336 |
_aText _btxt _2rdacontent |
||
| 336 |
_aunbewegtes Bild _bsti _2rdacontent |
||
| 336 |
_akartografisches Bild _bcri _2rdacontent |
||
| 337 |
_aohne Hilfsmittel zu benutzen _bn _2rdamedia |
||
| 338 |
_aBand _bnc _2rdacarrier |
||
| 500 | _aOriginally published: 2017 | ||
| 500 | _aIncludes bibliographical references and index | ||
| 534 | _c2017 | ||
| 650 | 0 |
_aGeopolitics _zGeorgia (Republic) _967337 |
|
| 650 | 0 |
_aGeopolitics _zUkraine _967338 |
|
| 651 | 0 |
_aRussia (Federation) _xForeign relations |
|
| 651 | 0 |
_aRussia (Federation) _xPolitics and government _952742 |
|
| 883 |
_81\p _acgwrk _d20241001 _qDE-101 _uhttps://d-nb.info/provenance/plan#cgwrk |
||
| 942 |
_2z _cMG |
||
| 999 |
_c73028 _d73028 |
||